Personalizovaná navigácia v informačnom priestore /

Gespeichert in:
Bibliographische Detailangaben
1. Verfasser: Matušíková, Katarína (Verfasst von)
Weitere Verfasser: Bieliková, Mária, 1966- (Betreuung Doktorarbeit)
Format: Manuskript Buch
Sprache:Slowakisch
Veröffentlicht: Bratislava Slovenská technická univerzita v Bratislave 2005,
Schlagworte:
Tags: Tag hinzufügen
Keine Tags, Fügen Sie das erste Tag hinzu!

MARC

LEADER 00000ntm a22000003a 4500
001 0065289
003 SK-STU
005 20180529161126.0
007 ta
008 180529s2018----xo-----f-mn---000-0-slo-d
040 |a STU  |b slo 
041 0 |a slo 
044 |a xo  |c SK 
100 1 |a Matušíková, Katarína  |4 aut  |X 1000799718  |7 1000799718 
245 1 0 |a Personalizovaná navigácia v informačnom priestore /  |c aut. Katarína Matušíková ; škol. Mária Bieliková 
260 |c 2005,  |a Bratislava  |b Slovenská technická univerzita v Bratislave 
300 |a 50 s.  |e chýba CD 
650 0 7 |a Sémantický web 
700 1 |a Bieliková, Mária,  |d 1966-  |u 070200  |r Z1  |4 ths  |U FIIT Fakulta informatiky a informačných technológií  |T FIIT Ústav informatiky, informačných systémov a softvérového inžinierstva  |X 1871  |U I200  |Y 179  |7 A000001871 
996 |c I*DP1/05  |l II680  |s P  |a 0  |w 0065289_0001